[Event "Rapid Tournament (RAP)"]
[Site "Biel, CH"]
[Date "2025.07.13"]
[Round "4"]
[White "Chen, Yuan"]
[Black "Federer, Colin"]
[Result "1-0"]
[Board "11"]
[WhiteFideId "8618860"]
[BlackFideId "1345117"]
[BlackTitle "FM"]
[WhiteElo "2248"]
[BlackElo "2055"]
[WhiteTeam "CHN"]
[BlackTeam "SUI"]
[WhiteClock "0:03:25"]
[BlackClock "0:00:13"]
[Variant "Standard"]

1. Nf3 {[%clk 0:15:08]}  Nf6 {[%clk 0:15:07]} 2. d4 {[%clk 0:15:09]}  g6 {[%clk 0:14:59]} 3. c4 {[%clk 0:15:11]}  Bg7 {[%clk 0:15:02]} 4. Nc3 {[%clk 0:15:15]}  O-O {[%clk 0:15:03]} 5. e4 {[%clk 0:15:18]}  d6 {[%clk 0:15:07]} 6. Be2 {[%clk 0:15:18]}  e5 {[%clk 0:15:08]} 7. O-O {[%clk 0:15:20]}  Na6 {[%clk 0:15:02]} 8. Be3 {[%clk 0:14:57]}  Qe7 {[%clk 0:15:03]} 9. Nd5 {[%clk 0:14:37]}  Nxd5 {[%clk 0:14:53]} 10. cxd5 {[%clk 0:14:41]}  exd4 {[%clk 0:14:50]} 11. Bxd4 {[%clk 0:14:44]}  Nc5 {[%clk 0:14:04]} 12. Bxg7 {[%clk 0:13:50]}  Kxg7 {[%clk 0:14:05]} 13. Bd3 {[%clk 0:13:46]}  Bg4 {[%clk 0:13:37]} 14. b4 {[%clk 0:13:41]}  Nd7 {[%clk 0:11:23]} 15. h3 {[%clk 0:13:35]}  Bxf3 {[%clk 0:11:22]} 16. Qxf3 {[%clk 0:13:38]}  a5 {[%clk 0:11:14]} 17. a3 {[%clk 0:13:34]}  Ne5 {[%clk 0:10:44]} 18. Qe3 {[%clk 0:13:30]}  Rfe8 {[%clk 0:10:44]} 19. Bc2 {[%clk 0:12:53]}  axb4 {[%clk 0:10:06]} 20. axb4 {[%clk 0:12:57]}  Qf6 {[%clk 0:09:06]} 21. Qc3 {[%clk 0:12:01]}  Rxa1 {[%clk 0:09:37]} 22. Qxa1 {[%clk 0:12:04]}  Qf4 {[%clk 0:09:16]} 23. Qc3 {[%clk 0:11:44]}  Kg8 {[%clk 0:09:01]} 24. Qxc7 {[%clk 0:11:28]}  Qd2 {[%clk 0:05:57]} 25. Ba4 {[%clk 0:10:57]}  Ra8 {[%clk 0:05:28]} 26. Qxd6 {[%clk 0:10:48]}  Nc4 {[%clk 0:04:48]} 27. Qc5 {[%clk 0:10:32]}  Rxa4 {[%clk 0:04:50]} 28. Qxc4 {[%clk 0:10:30]}  Rxb4 {[%clk 0:04:52]} 29. Qc8+ {[%clk 0:09:41]}  Kg7 {[%clk 0:04:56]} 30. Qe8 {[%clk 0:09:06]}  Qd4 {[%clk 0:04:30]} 31. Re1 {[%clk 0:09:07]}  Rb2 {[%clk 0:04:26]} 32. Re3 {[%clk 0:07:04]}  Qd1+ {[%clk 0:04:07]} 33. Kh2 {[%clk 0:07:08]}  Rxf2 {[%clk 0:03:46]} 34. Qe5+ {[%clk 0:07:09]}  Kh6 {[%clk 0:02:58]} 35. Qb8 {[%clk 0:05:03]}  Qd2 {[%clk 0:01:55]} 36. Rg3 {[%clk 0:04:58]}  Kg7 {[%clk 0:00:57]} 37. Qe5+ {[%clk 0:04:19]}  Kg8 {[%clk 0:00:28]} 38. d6 {[%clk 0:04:13]}  Qd1 {[%clk 0:00:18]} 39. Rc3 {[%clk 0:03:30]}  f6 {[%clk 0:00:10]} 40. Qd5+ {[%clk 0:03:14]}  Qxd5 {[%clk 0:00:11]} 41. exd5 {[%clk 0:03:18]}  Kf7 {[%clk 0:00:01]} 42. Rc8 {[%clk 0:03:21]}  Rd2 {[%clk 0:00:07]} 43. d7 {[%clk 0:03:20]}  Rxd5 {[%clk 0:00:09]} 44. d8=Q {[%clk 0:03:21]}  Rxd8 {[%clk 0:00:13]} 45. Rxd8 {[%clk 0:03:25]} 1-0

[Event "Rapid Tournament (RAP)"]
[Site "Biel, CH"]
[Date "2025.07.13"]
[Round "4"]
[White "Menzi, Jonas"]
[Black "Tkhoruk, Roman"]
[Result "1-0"]
[Board "12"]
[WhiteFideId "1345133"]
[BlackFideId "34161589"]
[WhiteElo "2097"]
[BlackElo "2004"]
[WhiteTeam "SUI"]
[BlackTeam "SUI"]
[WhiteClock "0:01:11"]
[BlackClock "0:04:49"]
[Variant "Standard"]

1. e4 {[%clk 0:13:30]}  c6 {[%clk 0:15:08]} 2. Nc3 {[%clk 0:13:20]}  d5 {[%clk 0:15:11]} 3. Nf3 {[%clk 0:13:31]}  dxe4 {[%clk 0:15:12]} 4. Nxe4 {[%clk 0:13:35]}  Nf6 {[%clk 0:15:15]} 5. Qe2 {[%clk 0:13:39]}  Nxe4 {[%clk 0:14:53]} 6. Qxe4 {[%clk 0:13:42]}  Nd7 {[%clk 0:14:56]} 7. Bc4 {[%clk 0:13:46]}  Nf6 {[%clk 0:14:56]} 8. Ne5 {[%clk 0:13:50]}  e6 {[%clk 0:15:00]} 9. Qe2 {[%clk 0:13:54]}  b5 {[%clk 0:15:00]} 10. Bd3 {[%clk 0:13:58]}  Bb7 {[%clk 0:14:58]} 11. a4 {[%clk 0:13:26]}  b4 {[%clk 0:14:06]} 12. b3 {[%clk 0:12:41]}  Be7 {[%clk 0:14:51]} 13. Bb2 {[%clk 0:12:45]}  O-O {[%clk 0:14:52]} 14. O-O-O {[%clk 0:12:41]}  Nd5 {[%clk 0:14:01]} 15. g3 {[%clk 0:12:33]}  f6 {[%clk 0:13:51]} 16. Nxc6 {[%clk 0:12:02]}  Bxc6 {[%clk 0:13:31]} 17. Qxe6+ {[%clk 0:12:05]}  Kh8 {[%clk 0:13:34]} 18. Qxc6 {[%clk 0:12:08]}  Rc8 {[%clk 0:13:36]} 19. Qe6 {[%clk 0:11:49]}  Nf4 {[%clk 0:13:12]} 20. gxf4 {[%clk 0:11:39]}  Qxd3 {[%clk 0:09:57]} 21. Bc3 {[%clk 0:08:41]}  Qd8 {[%clk 0:09:10]} 22. Bb2 {[%clk 0:06:22]}  Qd3 {[%clk 0:09:59]} 23. Bc3 {[%clk 0:06:26]}  Qd8 {[%clk 0:10:03]} 24. Rhe1 {[%clk 0:06:22]}  bxc3 {[%clk 0:08:36]} 25. Qxe7 {[%clk 0:06:25]}  Qd4 {[%clk 0:08:39]} 26. Kb1 {[%clk 0:03:38]}  cxd2 {[%clk 0:07:41]} 27. Re2 {[%clk 0:03:42]}  Rfd8 {[%clk 0:06:40]} 28. Qe3 {[%clk 0:03:16]}  Qb4 {[%clk 0:05:58]} 29. Rexd2 {[%clk 0:03:21]}  Re8 {[%clk 0:05:57]} 30. Qd4 {[%clk 0:03:17]}  Qa3 {[%clk 0:05:53]} 31. Qd6 {[%clk 0:02:23]}  Rc5 {[%clk 0:05:23]} 32. Qe7 {[%clk 0:01:47]}  Rg8 {[%clk 0:04:50]} 33. Rd8 {[%clk 0:01:46]}  h6 {[%clk 0:04:45]} 34. Rxg8+ {[%clk 0:01:31]}  Kxg8 {[%clk 0:04:49]} 35. Rd7 {[%clk 0:01:11]} 1-0

[Event "Rapid Tournament (RAP)"]
[Site "Biel, CH"]
[Date "2025.07.13"]
[Round "4"]
[White "Gireada, Daniel"]
[Black "Binggeli, Christian"]
[Result "1-0"]
[Board "13"]
[WhiteFideId "1206451"]
[BlackFideId "1307622"]
[WhiteElo "2255"]
[BlackElo "1963"]
[WhiteTeam "ROU"]
[BlackTeam "SUI"]
[WhiteClock "0:01:04"]
[BlackClock "0:00:24"]
[Variant "Standard"]

1. e4 {[%clk 0:15:00]}  d5 {[%clk 0:15:07]} 2. exd5 {[%clk 0:15:03]}  Nf6 {[%clk 0:15:11]} 3. d4 {[%clk 0:15:04]}  Nxd5 {[%clk 0:15:15]} 4. c4 {[%clk 0:15:06]}  Nf6 {[%clk 0:15:17]} 5. Nc3 {[%clk 0:15:06]}  e5 {[%clk 0:14:59]} 6. dxe5 {[%clk 0:14:23]}  Qxd1+ {[%clk 0:15:01]} 7. Nxd1 {[%clk 0:14:20]}  Bb4+ {[%clk 0:13:38]} 8. Bd2 {[%clk 0:12:51]}  Bxd2+ {[%clk 0:14:28]} 9. Kxd2 {[%clk 0:12:54]}  Ne4+ {[%clk 0:12:59]} 10. Ke3 {[%clk 0:12:19]}  Nc5 {[%clk 0:12:49]} 11. f4 {[%clk 0:11:57]}  O-O {[%clk 0:12:29]} 12. Nf3 {[%clk 0:11:40]}  Nc6 {[%clk 0:10:38]} 13. Nc3 {[%clk 0:10:11]}  f6 {[%clk 0:11:55]} 14. exf6 {[%clk 0:09:59]}  gxf6 {[%clk 0:09:12]} 15. a3 {[%clk 0:09:21]}  Nb3 {[%clk 0:08:42]} 16. Rd1 {[%clk 0:09:17]}  Bf5 {[%clk 0:08:06]} 17. Bd3 {[%clk 0:08:57]}  Ne7 {[%clk 0:07:08]} 18. Bxf5 {[%clk 0:07:45]}  Nxf5+ {[%clk 0:07:12]} 19. Kf2 {[%clk 0:07:49]}  Rad8 {[%clk 0:06:20]} 20. Nd5 {[%clk 0:06:12]}  Nd6 {[%clk 0:05:12]} 21. Rhe1 {[%clk 0:05:50]}  c6 {[%clk 0:04:46]} 22. Ne3 {[%clk 0:04:08]}  Rfe8 {[%clk 0:04:06]} 23. g3 {[%clk 0:03:11]}  Kf7 {[%clk 0:03:38]} 24. Kg2 {[%clk 0:03:30]}  Re4 {[%clk 0:03:01]} 25. Nf5 {[%clk 0:02:28]}  Rxe1 {[%clk 0:02:51]} 26. Nxe1 {[%clk 0:02:14]}  Ke6 {[%clk 0:02:08]} 27. Nd4+ {[%clk 0:02:09]}  Nxd4 {[%clk 0:02:24]} 28. Rxd4 {[%clk 0:01:47]}  Rg8 {[%clk 0:02:01]} 29. c5 {[%clk 0:01:36]}  Nf5 {[%clk 0:01:46]} 30. Rd3 {[%clk 0:01:08]}  Ne7 {[%clk 0:01:19]} 31. Nf3 {[%clk 0:01:57]}  Nd5 {[%clk 0:01:21]} 32. Nd4+ {[%clk 0:01:56]}  Kf7 {[%clk 0:01:10]} 33. Kf3 {[%clk 0:01:59]}  Re8 {[%clk 0:01:07]} 34. Nf5 {[%clk 0:01:57]}  Re1 {[%clk 0:01:01]} 35. Nd6+ {[%clk 0:01:51]}  Ke6 {[%clk 0:00:51]} 36. Nxb7 {[%clk 0:01:56]}  Rf1+ {[%clk 0:00:45]} 37. Kg2 {[%clk 0:01:54]}  Rb1 {[%clk 0:00:38]} 38. b4 {[%clk 0:01:50]}  Rb2+ {[%clk 0:00:37]} 39. Kf3 {[%clk 0:01:44]}  Rxh2 {[%clk 0:00:29]} 40. b5 {[%clk 0:01:00]}  cxb5 {[%clk 0:00:24]} 41. Nd8+ {[%clk 0:01:04]} 1-0

[Event "Rapid Tournament (RAP)"]
[Site "Biel, CH"]
[Date "2025.07.13"]
[Round "4"]
[White "Kappeler, Kaspar"]
[Black "Yu, Tianxiang Carlos"]
[Result "1-0"]
[Board "14"]
[WhiteFideId "1309072"]
[BlackFideId "39922723"]
[WhiteTitle "FM"]
[WhiteElo "2178"]
[BlackElo "1962"]
[WhiteTeam "SUI"]
[BlackTeam "USA"]
[WhiteClock "0:00:40"]
[BlackClock "0:09:31"]
[Variant "Standard"]

1. d4 {[%clk 0:12:34]}  Nf6 {[%clk 0:15:09]} 2. c4 {[%clk 0:12:37]}  c5 {[%clk 0:15:13]} 3. d5 {[%clk 0:12:40]}  b5 {[%clk 0:15:16]} 4. cxb5 {[%clk 0:12:42]}  a6 {[%clk 0:15:20]} 5. bxa6 {[%clk 0:12:42]}  g6 {[%clk 0:15:24]} 6. Nc3 {[%clk 0:12:43]}  Bxa6 {[%clk 0:15:27]} 7. Nf3 {[%clk 0:12:45]}  d6 {[%clk 0:15:31]} 8. g3 {[%clk 0:12:48]}  Bg7 {[%clk 0:15:35]} 9. Bg2 {[%clk 0:12:50]}  O-O {[%clk 0:15:38]} 10. O-O {[%clk 0:12:51]}  Nbd7 {[%clk 0:15:41]} 11. Rb1 {[%clk 0:12:50]}  Qa5 {[%clk 0:15:45]} 12. Bd2 {[%clk 0:12:31]}  Rfb8 {[%clk 0:15:39]} 13. b3 {[%clk 0:12:26]}  Bb7 {[%clk 0:13:01]} 14. Ne1 {[%clk 0:10:11]}  Nb6 {[%clk 0:12:24]} 15. Nc2 {[%clk 0:09:58]}  Ng4 {[%clk 0:12:07]} 16. Na4 {[%clk 0:08:35]}  Qa7 {[%clk 0:12:11]} 17. e4 {[%clk 0:07:05]}  Ne5 {[%clk 0:12:06]} 18. f4 {[%clk 0:06:06]}  Nxa4 {[%clk 0:11:26]} 19. fxe5 {[%clk 0:05:59]}  Bxe5 {[%clk 0:11:23]} 20. bxa4 {[%clk 0:05:48]}  Qxa4 {[%clk 0:11:27]} 21. Ne3 {[%clk 0:05:12]}  Qxa2 {[%clk 0:11:27]} 22. Ng4 {[%clk 0:04:59]}  Bg7 {[%clk 0:11:20]} 23. Nh6+ {[%clk 0:04:39]}  Bxh6 {[%clk 0:11:13]} 24. Bxh6 {[%clk 0:04:41]}  Ba6 {[%clk 0:11:17]} 25. Rxb8+ {[%clk 0:04:11]}  Rxb8 {[%clk 0:11:18]} 26. Qa1 {[%clk 0:04:03]}  Qxa1 {[%clk 0:11:00]} 27. Rxa1 {[%clk 0:04:07]}  Bd3 {[%clk 0:11:04]} 28. Kf2 {[%clk 0:03:36]}  c4 {[%clk 0:11:06]} 29. Ke3 {[%clk 0:03:24]}  f5 {[%clk 0:11:10]} 30. Kd4 {[%clk 0:02:29]}  Kf7 {[%clk 0:10:56]} 31. Ra7 {[%clk 0:01:40]}  Kf6 {[%clk 0:10:37]} 32. h4 {[%clk 0:01:28]}  e5+ {[%clk 0:09:33]} 33. Ke3 {[%clk 0:01:12]}  f4+ {[%clk 0:09:18]} 34. gxf4 {[%clk 0:01:14]}  exf4+ {[%clk 0:09:21]} 35. Kxf4 {[%clk 0:01:09]}  g5+ {[%clk 0:09:18]} 36. hxg5+ {[%clk 0:00:42]}  Kg6 {[%clk 0:09:23]} 37. Rg7+ {[%clk 0:00:36]}  Kh5 {[%clk 0:09:27]} 38. Bf3+ {[%clk 0:00:38]}  Kh4 {[%clk 0:09:31]} 39. Rxh7 {[%clk 0:00:40]} 1-0

[Event "Rapid Tournament (RAP)"]
[Site "Biel, CH"]
[Date "2025.07.13"]
[Round "4"]
[White "Harish, Neeraj"]
[Black "Flueckiger, Roger"]
[Result "1-0"]
[Board "15"]
[WhiteFideId "30958130"]
[BlackFideId "1344862"]
[WhiteTitle "CM"]
[WhiteElo "2175"]
[BlackElo "1937"]
[WhiteTeam "USA"]
[BlackTeam "SUI"]
[WhiteClock "0:09:21"]
[BlackClock "0:02:49"]
[Variant "Standard"]

1. e4 {[%clk 0:15:06]}  e5 {[%clk 0:15:09]} 2. Nf3 {[%clk 0:15:09]}  Nc6 {[%clk 0:15:13]} 3. Bc4 {[%clk 0:15:13]}  Nf6 {[%clk 0:15:16]} 4. d3 {[%clk 0:15:16]}  Be7 {[%clk 0:15:16]} 5. O-O {[%clk 0:15:17]}  O-O {[%clk 0:15:17]} 6. Nc3 {[%clk 0:15:19]}  h6 {[%clk 0:15:00]} 7. h3 {[%clk 0:15:19]}  d6 {[%clk 0:14:54]} 8. a3 {[%clk 0:15:04]}  Nd4 {[%clk 0:13:53]} 9. Nxd4 {[%clk 0:15:04]}  exd4 {[%clk 0:13:13]} 10. Ne2 {[%clk 0:14:51]}  c5 {[%clk 0:13:34]} 11. Nf4 {[%clk 0:13:55]}  Kh7 {[%clk 0:13:25]} 12. c3 {[%clk 0:13:31]}  dxc3 {[%clk 0:12:30]} 13. bxc3 {[%clk 0:13:05]}  Bd7 {[%clk 0:11:45]} 14. Qb3 {[%clk 0:11:21]}  g5 {[%clk 0:11:30]} 15. Nd5 {[%clk 0:10:22]}  b5 {[%clk 0:11:11]} 16. Nxf6+ {[%clk 0:10:14]}  Bxf6 {[%clk 0:11:04]} 17. Bd5 {[%clk 0:08:53]}  Rb8 {[%clk 0:10:18]} 18. Ra2 {[%clk 0:08:10]}  a5 {[%clk 0:10:04]} 19. f4 {[%clk 0:07:51]}  a4 {[%clk 0:09:46]} 20. Qd1 {[%clk 0:07:20]}  g4 {[%clk 0:09:18]} 21. hxg4 {[%clk 0:07:14]}  Bxc3 {[%clk 0:08:35]} 22. g5 {[%clk 0:04:46]}  Bd4+ {[%clk 0:04:08]} 23. Kh1 {[%clk 0:11:49]}  Bg7 {[%clk 0:04:11]} 24. Qh5 {[%clk 0:11:41]}  Be6 {[%clk 0:02:20]} 25. Bxe6 {[%clk 0:09:50]}  fxe6 {[%clk 0:04:19]} 26. f5 {[%clk 0:09:46]}  Qe8 {[%clk 0:03:58]} 27. g6+ {[%clk 0:09:44]}  Kg8 {[%clk 0:03:53]} 28. Bxh6 {[%clk 0:09:28]}  Qe7 {[%clk 0:03:34]} 29. Bxg7 {[%clk 0:09:24]}  Qxg7 {[%clk 0:03:08]} 30. f6 {[%clk 0:09:10]}  Rxf6 {[%clk 0:02:46]} 31. Rxf6 {[%clk 0:09:18]}  Qxf6 {[%clk 0:02:49]} 32. Qh7+ {[%clk 0:09:21]} 1-0

[Event "Rapid Tournament (RAP)"]
[Site "Biel, CH"]
[Date "2025.07.13"]
[Round "4"]
[White "Erne, Raphael"]
[Black "Kumbharathi, Vedansh"]
[Result "1-0"]
[Board "16"]
[WhiteFideId "1341928"]
[BlackFideId "30998395"]
[WhiteElo "2159"]
[BlackElo "1931"]
[WhiteTeam "SUI"]
[BlackTeam "USA"]
[WhiteClock "0:04:29"]
[BlackClock "0:09:07"]
[Variant "Standard"]

1. c4 {[%clk 0:15:07]}  e6 {[%clk 0:15:06]} 2. g3 {[%clk 0:15:09]}  Nf6 {[%clk 0:15:09]} 3. Bg2 {[%clk 0:15:12]}  d5 {[%clk 0:15:11]} 4. Nf3 {[%clk 0:15:15]}  Be7 {[%clk 0:15:11]} 5. d4 {[%clk 0:15:17]}  O-O {[%clk 0:15:08]} 6. Qc2 {[%clk 0:15:19]}  Nbd7 {[%clk 0:15:05]} 7. O-O {[%clk 0:15:11]}  b6 {[%clk 0:15:08]} 8. cxd5 {[%clk 0:15:09]}  exd5 {[%clk 0:15:08]} 9. Nc3 {[%clk 0:15:11]}  Bb7 {[%clk 0:15:06]} 10. Bf4 {[%clk 0:15:12]}  c5 {[%clk 0:15:07]} 11. Rad1 {[%clk 0:14:49]}  Rc8 {[%clk 0:14:28]} 12. Rfe1 {[%clk 0:14:26]}  Re8 {[%clk 0:14:33]} 13. Qf5 {[%clk 0:12:28]}  Nf8 {[%clk 0:13:40]} 14. e4 {[%clk 0:08:31]}  cxd4 {[%clk 0:12:44]} 15. Nxd4 {[%clk 0:08:20]}  Bb4 {[%clk 0:12:02]} 16. e5 {[%clk 0:06:19]}  N6d7 {[%clk 0:10:23]} 17. Bg5 {[%clk 0:05:08]}  Qc7 {[%clk 0:10:14]} 18. Bxd5 {[%clk 0:04:50]}  Nc5 {[%clk 0:09:10]} 19. Ndb5 {[%clk 0:04:29]}  Qb8 {[%clk 0:09:07]} 20. Qxf7+ {[%clk 0:04:29]} 1-0

[Event "Rapid Tournament (RAP)"]
[Site "Biel, CH"]
[Date "2025.07.13"]
[Round "4"]
[White "Tcheau, Alain"]
[Black "Sauvin, Jacques"]
[Result "1/2-1/2"]
[Board "17"]
[WhiteFideId "1306014"]
[BlackFideId "1301888"]
[WhiteElo "1912"]
[BlackElo "2147"]
[WhiteTeam "SUI"]
[BlackTeam "SUI"]
[WhiteClock "0:01:27"]
[BlackClock "0:02:11"]
[Variant "Standard"]

1. c4 {[%clk 0:15:06]}  e6 {[%clk 0:14:51]} 2. Nc3 {[%clk 0:15:09]}  d5 {[%clk 0:14:53]} 3. cxd5 {[%clk 0:15:12]}  exd5 {[%clk 0:14:57]} 4. d4 {[%clk 0:15:14]}  c6 {[%clk 0:14:58]} 5. Nf3 {[%clk 0:15:16]}  Bf5 {[%clk 0:15:00]} 6. e3 {[%clk 0:15:15]}  Nf6 {[%clk 0:14:57]} 7. Bd3 {[%clk 0:15:17]}  Bxd3 {[%clk 0:14:52]} 8. Qxd3 {[%clk 0:15:19]}  Nbd7 {[%clk 0:14:49]} 9. O-O {[%clk 0:15:21]}  Bd6 {[%clk 0:14:37]} 10. e4 {[%clk 0:15:13]}  dxe4 {[%clk 0:14:38]} 11. Nxe4 {[%clk 0:15:17]}  Nxe4 {[%clk 0:14:41]} 12. Qxe4+ {[%clk 0:15:20]}  Qe7 {[%clk 0:14:21]} 13. Re1 {[%clk 0:15:02]}  Qxe4 {[%clk 0:14:18]} 14. Rxe4+ {[%clk 0:15:06]}  Kf8 {[%clk 0:14:11]} 15. Bd2 {[%clk 0:14:58]}  Nf6 {[%clk 0:13:57]} 16. Re2 {[%clk 0:14:25]}  Re8 {[%clk 0:12:15]} 17. Rxe8+ {[%clk 0:14:51]}  Nxe8 {[%clk 0:11:33]} 18. Re1 {[%clk 0:14:51]}  f6 {[%clk 0:10:55]} 19. Kf1 {[%clk 0:13:38]}  Nc7 {[%clk 0:10:23]} 20. Ke2 {[%clk 0:13:31]}  Kf7 {[%clk 0:10:24]} 21. Kd3 {[%clk 0:13:03]}  Nd5 {[%clk 0:10:15]} 22. a3 {[%clk 0:12:28]}  Re8 {[%clk 0:09:53]} 23. g3 {[%clk 0:12:22]}  Rxe1 {[%clk 0:09:40]} 24. Nxe1 {[%clk 0:12:16]}  Ke6 {[%clk 0:09:38]} 25. Nc2 {[%clk 0:11:22]}  f5 {[%clk 0:08:47]} 26. Ne1 {[%clk 0:09:49]}  Be7 {[%clk 0:08:46]} 27. Nf3 {[%clk 0:09:21]}  Bf6 {[%clk 0:08:47]} 28. Ng5+ {[%clk 0:08:29]}  Bxg5 {[%clk 0:08:39]} 29. Bxg5 {[%clk 0:08:33]}  Nb6 {[%clk 0:08:23]} 30. b3 {[%clk 0:08:28]}  Kd5 {[%clk 0:08:23]} 31. Bd2 {[%clk 0:07:55]}  Nd7 {[%clk 0:08:12]} 32. f3 {[%clk 0:07:27]}  g6 {[%clk 0:07:40]} 33. Bf4 {[%clk 0:07:18]}  Nf8 {[%clk 0:07:24]} 34. Be5 {[%clk 0:07:09]}  Ne6 {[%clk 0:06:07]} 35. Bf6 {[%clk 0:06:43]}  a6 {[%clk 0:05:50]} 36. h4 {[%clk 0:06:39]}  h5 {[%clk 0:07:12]} 37. a4 {[%clk 0:05:54]}  Nf8 {[%clk 0:06:00]} 38. Bg7 {[%clk 0:05:43]}  Nd7 {[%clk 0:05:52]} 39. Bh8 {[%clk 0:04:33]}  Nb8 {[%clk 0:05:49]} 40. Be5 {[%clk 0:05:26]}  Nd7 {[%clk 0:05:44]} 41. Bh8 {[%clk 0:05:18]}  c5 {[%clk 0:04:37]} 42. dxc5 {[%clk 0:05:32]}  Nxc5+ {[%clk 0:04:41]} 43. Kc3 {[%clk 0:05:13]}  Ne6 {[%clk 0:04:36]} 44. Bf6 {[%clk 0:04:15]}  Nf8 {[%clk 0:04:24]} 45. Bg7 {[%clk 0:04:07]}  Nd7 {[%clk 0:04:19]} 46. Kd3 {[%clk 0:03:50]}  Nb8 {[%clk 0:04:13]} 47. Bc3 {[%clk 0:03:40]}  Nc6 {[%clk 0:04:14]} 48. b4 {[%clk 0:03:29]}  b5 {[%clk 0:04:10]} 49. axb5 {[%clk 0:03:22]}  axb5 {[%clk 0:04:14]} 50. Be1 {[%clk 0:02:44]}  Nd4 {[%clk 0:03:09]} 51. f4 {[%clk 0:02:16]}  Ne6 {[%clk 0:03:26]} 52. Bc3 {[%clk 0:02:15]}  Nd8 {[%clk 0:03:25]} 53. Be1 {[%clk 0:02:10]}  Nf7 {[%clk 0:03:22]} 54. Bc3 {[%clk 0:01:47]}  Nd6 {[%clk 0:03:23]} 55. Bd2 {[%clk 0:01:47]}  Nc4 {[%clk 0:03:20]} 56. Be1 {[%clk 0:01:42]}  Nb2+ {[%clk 0:03:03]} 57. Kc3 {[%clk 0:01:44]}  Na4+ {[%clk 0:03:06]} 58. Kd3 {[%clk 0:01:48]}  Nb6 {[%clk 0:02:56]} 59. Bd2 {[%clk 0:01:51]}  Nc4 {[%clk 0:02:41]} 60. Be1 {[%clk 0:01:54]}  Nd6 {[%clk 0:02:44]} 61. Bd2 {[%clk 0:01:51]}  Nf7 {[%clk 0:02:43]} 62. Be1 {[%clk 0:01:52]}  Nh6 {[%clk 0:02:44]} 63. Bf2 {[%clk 0:01:49]}  Ng4 {[%clk 0:02:45]} 64. Bg1 {[%clk 0:01:47]}  Nf6 {[%clk 0:02:21]} 65. Bf2 {[%clk 0:01:51]}  Ne8 {[%clk 0:02:18]} 66. Be1 {[%clk 0:01:45]}  Nc7 {[%clk 0:02:20]} 67. Bd2 {[%clk 0:01:45]}  Ne6 {[%clk 0:02:13]} 68. Be3 {[%clk 0:01:46]}  Nc7 {[%clk 0:02:11]} 69. Bd2 {[%clk 0:01:49]}  Ne8 {[%clk 0:02:05]} 70. Bc3 {[%clk 0:01:53]}  Nd6 {[%clk 0:02:09]} 71. Bd2 {[%clk 0:01:52]}  Nc4 {[%clk 0:02:11]} 72. Bc1 {[%clk 0:01:27]} 1/2-1/2

[Event "Rapid Tournament (RAP)"]
[Site "Biel, CH"]
[Date "2025.07.13"]
[Round "4"]
[White "Flueckiger, Georg"]
[Black "Schweizer, Simon"]
[Result "0-1"]
[Board "18"]
[WhiteFideId "1342592"]
[BlackFideId "1325361"]
[WhiteElo "1895"]
[BlackElo "2131"]
[WhiteTeam "SUI"]
[BlackTeam "JPN"]
[WhiteClock "0:05:32"]
[BlackClock "0:11:54"]
[Variant "Standard"]

1. e4 {[%clk 0:15:07]}  g6 {[%clk 0:15:09]} 2. d4 {[%clk 0:15:06]}  Bg7 {[%clk 0:15:12]} 3. Be3 {[%clk 0:15:09]}  d6 {[%clk 0:15:14]} 4. Qd2 {[%clk 0:15:09]}  a6 {[%clk 0:15:18]} 5. Nc3 {[%clk 0:15:10]}  b5 {[%clk 0:15:21]} 6. a3 {[%clk 0:15:13]}  Bb7 {[%clk 0:15:24]} 7. Bd3 {[%clk 0:15:11]}  Nd7 {[%clk 0:15:27]} 8. Nf3 {[%clk 0:15:06]}  c5 {[%clk 0:15:30]} 9. dxc5 {[%clk 0:14:38]}  dxc5 {[%clk 0:15:12]} 10. O-O {[%clk 0:14:36]}  h6 {[%clk 0:15:06]} 11. Rad1 {[%clk 0:14:07]}  e5 {[%clk 0:14:44]} 12. Be2 {[%clk 0:13:57]}  Ngf6 {[%clk 0:14:36]} 13. Qd6 {[%clk 0:11:48]}  Bf8 {[%clk 0:14:32]} 14. Qd2 {[%clk 0:11:39]}  Nxe4 {[%clk 0:14:11]} 15. Nxe4 {[%clk 0:11:40]}  Bxe4 {[%clk 0:14:14]} 16. h3 {[%clk 0:10:38]}  Qc7 {[%clk 0:14:04]} 17. Nh2 {[%clk 0:10:31]}  Bg7 {[%clk 0:13:57]} 18. Ng4 {[%clk 0:09:39]}  h5 {[%clk 0:13:56]} 19. Nh2 {[%clk 0:09:41]}  Bc6 {[%clk 0:13:15]} 20. Qd6 {[%clk 0:09:09]}  Qxd6 {[%clk 0:13:13]} 21. Rxd6 {[%clk 0:09:12]}  Rc8 {[%clk 0:13:14]} 22. Rfd1 {[%clk 0:09:04]}  Bf8 {[%clk 0:13:17]} 23. R6d2 {[%clk 0:08:58]}  Be7 {[%clk 0:13:00]} 24. Bf3 {[%clk 0:08:50]}  Nb6 {[%clk 0:12:41]} 25. Bxc6+ {[%clk 0:08:38]}  Rxc6 {[%clk 0:12:43]} 26. Nf3 {[%clk 0:08:41]}  f6 {[%clk 0:12:45]} 27. Nh4 {[%clk 0:08:20]}  f5 {[%clk 0:12:14]} 28. f4 {[%clk 0:07:26]}  Bxh4 {[%clk 0:12:07]} 29. fxe5 {[%clk 0:07:19]}  Nc4 {[%clk 0:12:08]} 30. Rd3 {[%clk 0:07:01]}  Nxe3 {[%clk 0:12:03]} 31. Rxe3 {[%clk 0:07:04]}  Be7 {[%clk 0:11:49]} 32. c3 {[%clk 0:06:17]}  c4 {[%clk 0:11:52]} 33. e6 {[%clk 0:05:32]}  Bc5 {[%clk 0:11:54]} 0-1

[Event "Rapid Tournament (RAP)"]
[Site "Biel, CH"]
[Date "2025.07.13"]
[Round "4"]
[White "Lipecki, Alexander"]
[Black "Lopez, Manuel"]
[Result "1-0"]
[Board "19"]
[WhiteFideId "1303511"]
[BlackFideId "1306324"]
[WhiteElo "2126"]
[BlackElo "1930"]
[WhiteTeam "SUI"]
[BlackTeam "SUI"]
[WhiteClock "0:10:17"]
[BlackClock "0:01:29"]
[Variant "Standard"]

1. d4 {[%clk 0:15:05]}  Nf6 {[%clk 0:10:33]} 2. Bf4 {[%clk 0:15:05]}  c5 {[%clk 0:09:41]} 3. c3 {[%clk 0:13:45]}  cxd4 {[%clk 0:09:21]} 4. Qxd4 {[%clk 0:13:19]}  Nc6 {[%clk 0:09:14]} 5. Qd2 {[%clk 0:12:34]}  d5 {[%clk 0:09:08]} 6. Nf3 {[%clk 0:12:20]}  Ne4 {[%clk 0:08:19]} 7. Qc1 {[%clk 0:11:19]}  g6 {[%clk 0:08:12]} 8. Nbd2 {[%clk 0:10:28]}  Bg7 {[%clk 0:07:18]} 9. Nxe4 {[%clk 0:13:03]}  dxe4 {[%clk 0:07:22]} 10. Nd2 {[%clk 0:12:35]}  Qd5 {[%clk 0:07:18]} 11. Be3 {[%clk 0:12:02]}  Bf5 {[%clk 0:06:35]} 12. g3 {[%clk 0:11:22]}  h5 {[%clk 0:06:01]} 13. h3 {[%clk 0:11:01]}  O-O-O {[%clk 0:05:50]} 14. Bg2 {[%clk 0:09:23]}  Ne5 {[%clk 0:04:22]} 15. O-O {[%clk 0:08:55]}  Nc4 {[%clk 0:03:47]} 16. Nxc4 {[%clk 0:11:34]}  Qxc4 {[%clk 0:03:22]} 17. Bxa7 {[%clk 0:11:03]}  Qxe2 {[%clk 0:03:17]} 18. Re1 {[%clk 0:10:56]}  Qa6 {[%clk 0:03:14]} 19. Be3 {[%clk 0:10:22]}  Rd3 {[%clk 0:02:53]} 20. a4 {[%clk 0:10:57]}  Rhd8 {[%clk 0:02:48]} 21. a5 {[%clk 0:10:22]}  f6 {[%clk 0:02:22]} 22. Bb6 {[%clk 0:10:51]}  R8d7 {[%clk 0:02:12]} 23. c4 {[%clk 0:10:35]}  g5 {[%clk 0:02:04]} 24. b4 {[%clk 0:10:07]}  Qa8 {[%clk 0:01:34]} 25. Bxe4 {[%clk 0:10:26]}  Bxe4 {[%clk 0:01:40]} 26. Rxe4 {[%clk 0:10:30]}  f5 {[%clk 0:01:41]} 27. Re1 {[%clk 0:10:25]}  Bxa1 {[%clk 0:01:43]} 28. Qxa1 {[%clk 0:10:11]}  Rd8 {[%clk 0:01:29]} 29. Qe5 {[%clk 0:09:54]}  Qb8 {[%clk 0:01:29]} 30. Qc5+ {[%clk 0:10:17]} 1-0